Sổ tay sửa chữa máy điện quay
Đã lưu trong:
| Tác giả chính: | |
|---|---|
| Định dạng: | Sách |
| Ngôn ngữ: | Undetermined |
| Được phát hành: |
Hà Nội
Lao động
1976
|
| Những chủ đề: | |
| Các nhãn: |
Thêm thẻ
Không có thẻ, Là người đầu tiên thẻ bản ghi này!
|
| Thư viện lưu trữ: | Trung tâm Học liệu Trường Đại học Cần Thơ |
|---|
| LEADER | 00547nam a2200169Ia 4500 | ||
|---|---|---|---|
| 001 | CTU_46193 | ||
| 008 | 210402s9999 xx 000 0 und d | ||
| 082 | |a 621.31042 | ||
| 082 | |b D513 | ||
| 100 | |a Đặng Dũng | ||
| 245 | 0 | |a Sổ tay sửa chữa máy điện quay | |
| 245 | 0 | |c Đặng Dũng, Nguyễn Sĩ Tuyên, Đỗ Gia Phan | |
| 260 | |a Hà Nội | ||
| 260 | |b Lao động | ||
| 260 | |c 1976 | ||
| 650 | |a electrical machinery - maintenance and repair | ||
| 980 | |a Trung tâm Học liệu Trường Đại học Cần Thơ | ||